Loạt bài bán lúa non, các vấn đề giáo dục, giáo dục nhân cách

Bewaard in:
Bibliografische gegevens
Coauteur: Trung tâm nghiên cưu- Tư vấn CTXH&PTCĐ
Formaat: Boek
Taal:Vietnamese
Gepubliceerd in: Tp. Hồ Chí Minh [Nxb. Tp. Hồ Chí Minh] 2003
Onderwerpen:
Tags: Voeg label toe
Geen labels, Wees de eerste die dit record labelt!
Thư viện lưu trữ: Trung tâm Học liệu Lê Vũ Hùng, Trường Đại học Đồng Tháp
LEADER 00921aam a22002298a 4500
001 00028447
005 20171026081023.0
008 120328s2003 ||||||viesd
041 0 # |a vie 
082 1 4 |a 370.11  |b L411B 
110 2 # |a Trung tâm nghiên cưu- Tư vấn CTXH&PTCĐ 
245 1 0 |a Loạt bài bán lúa non, các vấn đề giáo dục, giáo dục nhân cách 
260 # # |c 2003  |a Tp. Hồ Chí Minh  |b [Nxb. Tp. Hồ Chí Minh] 
300 # # |a [150]  |b minh họa  |c 29cm. 
650 # 4 |a Giáo dục 
653 # # |a Giáo dục nhân cách 
653 # # |a Nhân cách 
852 # # |b Kho mượn  |j KM.0013132, KM.0013128, KM.0013129, KM.0013130, KM.0013131 
852 # # |b Kho đọc  |j KD.0013289 
852 # # |j KM.0013132  |j KM.0013128  |j KM.0013129  |j KM.0013131  |j KD.0013289  |j KM.0013130 
910 |d 28/03/2012 
980 # # |a Trung tâm Học liệu Lê Vũ Hùng, Trường Đại học Đồng Tháp